000 00676nam a2200229Ia 4500
003 OSt
005 20220927104120.0
006 a|||||r|||| 00| 0
007 ta
008 220926b |||||||| |||| 00| 0 eng d
024 _a88508
037 _cReference Collections
040 _aRTL
_cRTL
_beng
041 _2eng
_aeng
082 _a"X9(D26).275,hDVC, N2 (RR)"
245 0 _aDAMODAR VALLEY
_b Evolution of the grand design
260 _aCalcutta
_bDamodar Valley Corporation India
_c1992
300 _a311p.
_ccm.
650 _aRiver Industry
_9364294
942 _h"X9(D26).275,hDVC, N2 (RR)"
_cCC
999 _c686167
_d686167